| 000 | 00710nam a2200253Ia 4500 | ||
|---|---|---|---|
| 003 | BUBTL | ||
| 008 | 151213s9999 xx 000 0 und d | ||
| 020 | _a0273624938 | ||
| 041 | _aEnglish | ||
| 082 |
_a658/ W8994b/ 2011 _b |
||
| 100 |
_a Worthington, Lan _95383 |
||
| 245 |
_aThe Business Environment/ _cLan Worthington & Chirs Britton |
||
| 250 | _a2nd ed. | ||
| 260 |
_aLondon _bPitman Publishing _cc2011 |
||
| 300 |
_a[ix] , 452p . : _bill , Table ; 22cm . _c |
||
| 500 | _aIncludes Index . | ||
| 526 | _aBBA | ||
| 650 | _aBusiness | ||
| 650 | _a | ||
| 700 |
_aLan Worthington & Chirs Britton _95384 |
||
| 856 |
_k0 _l0 _yDownload |
||
| 942 |
_2ddc _cBK |
||
| 999 |
_c4757 _d4757 |
||